Loading...
| Current Events | 2 | 25.00 | 100% | 100% | 50% |
| Fine Arts - Classical Music | 6 | 16.67 | 100% | 67% | 0% |
| Fine Arts - Other | 6 | 13.33 | 100% | 33% | 0% |
| Fine Arts - Painting and Sculpture | 5 | 14.00 | 100% | 20% | 20% |
| Geography | 1 | 20.00 | 100% | 100% | 0% |
| History - American | 7 | 24.29 | 100% | 100% | 43% |
| History - European | 5 | 18.00 | 100% | 80% | 0% |
| History - Other | 6 | 16.67 | 100% | 33% | 33% |
| History - World | 8 | 20.00 | 100% | 75% | 25% |
| Literature - American | 6 | 15.00 | 100% | 33% | 17% |
| Literature - British | 7 | 12.86 | 86% | 43% | 0% |
| Literature - European | 9 | 15.56 | 89% | 67% | 0% |
| Literature - World | 6 | 20.00 | 83% | 83% | 33% |
| Mythology | 10 | 22.00 | 100% | 80% | 40% |
| Other Academic | 3 | 20.00 | 100% | 67% | 33% |
| Philosophy | 7 | 12.86 | 100% | 29% | 0% |
| Religion | 7 | 15.71 | 86% | 57% | 14% |
| Science - Biology | 8 | 18.75 | 100% | 75% | 13% |
| Science - Chemistry | 7 | 12.86 | 100% | 29% | 0% |
| Science - Other | 5 | 16.00 | 100% | 60% | 0% |
| Science - Physics | 8 | 22.50 | 100% | 75% | 50% |
| Social Science | 8 | 15.00 | 100% | 38% | 13% |